Geheimdienste - Statistiken

Allgemein
  • Dieses Quiz wurde 193 mal gespielt
  • Das Durchschnittsergebnis liegt bei 6 aus 15
Antwortstatistiken
Land Nachrichtendienst % Korrekt
USA - Ausland CIA
93%
USA - Inland FBI
92%
Deutschland - Ausland BND
70%
Großbritannien - Ausland MI6
66%
Sowjetunion - Ausland KGB
60%
USA - Ausland (Überwachung) NSA
59%
Israel - Ausland Mossad
58%
Großbritannien - Inland MI5
47%
Russland - Inland FSB
27%
Deutschland - Inland BfV
17%
Russland - Militär GRU
15%
Russland - Ausland SWR
10%
Israel - Inland Schin Bet
7%
Pakistan ISI
6%
Frankreich - Inland DCRI
2%
Keine übereinstimmenden Quizze gefunden
Verteilung der Resultate
Anzahl Personen mit jedem Resultat
Perzentil nach korrekt beantworteten Fragen
Ihre Resultats-Entwicklung
Sie haben dieses Quiz noch nicht gespielt